书目信息 |
| 题名: |
巨龙的苏醒
|
|
| 作者: | 孙代尧 , 王文章 著 | |
| 分册: | ||
| 出版信息: | 北京 文津出版社 1993.7 |
|
| 页数: | 265页 | |
| 开本: | 19cm | |
| 丛书名: | 东亚现代化研究丛书 | |
| 单 册: | ||
| 中图分类: | F124.1 | |
| 科图分类: | ||
| 主题词: | ||
| 电子资源: | ||
| ISBN: | 7-80554-172-8 | |
| 000 | 00653oam2 22002291 450 | |
| 001 | 0000589262 | |
| 005 | 20130904104614.0 | |
| 010 | @a7-80554-172-8@dCNY7.00 | |
| 011 | @a7-80554-172-8 | |
| 100 | @a20111104d1993 m y0chiy0121 ea | |
| 101 | 0 | @achi |
| 105 | @ay z 000yy | |
| 200 | 1 | @a巨龙的苏醒@9Ju Long De;Di Su Xing @e中国现代化道路的求索@f孙代尧,王文章著 |
| 210 | @a北京@c文津出版社@d1993.7 | |
| 215 | @a265页@d19cm | |
| 225 | 2 | @a东亚现代化研究丛书@v1 |
| 461 | 0 | @12001 @a东亚现代化研究丛书 |
| 690 | @aF124.1@v3 | |
| 701 | 0 | @a孙代尧@4著 |
| 701 | 0 | @a王文章@4著 |
| 801 | 0 | @aCN@bAzMarc@c20130904 |
| 905 | @aBZT@dF124.1@e17@f1@sF124.1/17 | |
| 巨龙的苏醒:中国现代化道路的求索/孙代尧,王文章著.-北京:文津出版社,1993.7 |
| 265页;19cm.-(东亚现代化研究丛书;1) |
| ISBN 7-80554-172-8:CNY7.00 |
| ● |
| 相关链接 |
|
|
|
正题名:巨龙的苏醒
索取号:F124.1/17
 
预约/预借
| 序号 | 登录号 | 条形码 | 馆藏地/架位号 | 状态 | 备注 |
| 1 | 2000031887 | 2000031887 | 旧书回溯/ [索取号:F124.1/17] | 在馆 |